| 000 | 00491nam a2200181Ia 4500 | ||
|---|---|---|---|
| 001 | 1814 | ||
| 005 | 20260306143756.0 | ||
| 008 | 260306t2012||||xx |||||||||||||| ||spa|| | ||
| 041 | _aESP | ||
| 082 |
_a155.5 _bF317 |
||
| 100 |
_aFarache, Leo _eAUT |
||
| 245 | 0 |
_aGestionando adolescentes: _bpropuestas y relatos que ayudan a gestionar mejor la relación con los hijos |
|
| 260 | _c2012 | ||
| 300 |
_a154 páginas : _c24 cm. |
||
| 650 | _aGEN | ||
| 654 | _aCPS | ||
| 942 |
_cLIB _dJUS _fJUS _2ddc _n |
||
| 999 |
_c1814 _d1814 |
||